书目信息 |
| 题名: |
“一带一路”建设对策研究
|
|
| 作者: | 刘卫东 , 刘志高 主编 | |
| 分册: | ||
| 出版信息: | 北京 科学出版社 2016 |
|
| 页数: | 251页 | |
| 开本: | 24cm | |
| 丛书名: | 国家自然科学基金应急项目系列丛书 | |
| 单 册: | ||
| 中图分类: | F125.5 | |
| 科图分类: | ||
| 主题词: | 区域经济合作--qu yu jing ji he zuo--国际合作--研究--中国 | |
| 电子资源: | ||
| ISBN: | 978-7-03-050605-4 | |
| 000 | 01002nam0 22002651 450 | |
| 001 | 1760908741 | |
| 005 | 20170619171929.0 | |
| 010 | @a978-7-03-050605-4@b精装@dCNY98.00 | |
| 100 | @a20170207d2016 em y0chiy50 ea | |
| 101 | 0 | @achi |
| 102 | @aCN@b110000 | |
| 105 | @ay z 000yy | |
| 106 | @ar | |
| 200 | 1 | @a“一带一路”建设对策研究@9yi dai yi lu jian she dui ce yan jiu@f刘卫东,刘志高主编 |
| 210 | @a北京@c科学出版社@d2016 | |
| 215 | @a251页@d24cm | |
| 225 | 2 | @a国家自然科学基金应急项目系列丛书@9guo jia zi ran ke xue ji jin ying ji xiang mu xi lie cong shu |
| 330 | @a本书围绕"一带一路"的科学内涵、区域影响以及交通、对外贸易与投资、海洋经济合作、沿边口岸等建设重点进行了深入研究。 | |
| 461 | 0 | @12001 @a国家自然科学基金应急项目系列丛书 |
| 606 | 0 | @a区域经济合作@9qu yu jing ji he zuo@x国际合作@x研究@y中国 |
| 690 | @aF125.5@v5 | |
| 701 | 0 | @a刘卫东@9liu wei dong@4主编 |
| 701 | 0 | @a刘志高@9liu zhi gao@4主编 |
| 801 | 0 | @aCN@b百万庄@c20170617 |
| 905 | @b1013613-5@dF125.5@e311@f3 | |
| “一带一路”建设对策研究/刘卫东,刘志高主编.-北京:科学出版社,2016 |
| 251页;24cm.-(国家自然科学基金应急项目系列丛书) |
| ISBN 978-7-03-050605-4(精装):CNY98.00 |
| 本书围绕"一带一路"的科学内涵、区域影响以及交通、对外贸易与投资、海洋经济合作、沿边口岸等建设重点进行了深入研究。 |
| ● |
| 相关链接 |
|
|
|
|
正题名:"一带一路"建设对策研究
索取号:F125.5/311
 
预约/预借
| 序号 | 登录号 | 条形码 | 馆藏地/架位号 | 状态 | 备注 |
| 1 | 1013613 | 210136137 | 第一样本阅览室/ [索取号:F125.5/311] | 在馆 | |
| 2 | 1013614 | 210136146 | 第一借阅区/ [索取号:F125.5/311] | 在馆 | |
| 3 | 1013615 | 210136155 | 教育系资料室/ [索取号:F125.5/311] | 在馆 |